Riadenie ľudí. Kniha 5, Pochopenie ľudí v práci /
Uložené v:
| Hlavný autor: | |
|---|---|
| Ďalší autori: | |
| Médium: | Kniha |
| Jazyk: | Slovak English |
| Vydané: |
Bratislava :
Nadácia City University Bratislava,
2003.
|
| Vydanie: | 1. vyd. |
| Témy: | |
| ISBN: |
8089045537 (brož.) |
| Fyzický popis: |
90 s. : il., tab. ; 30 cm. |
| Tagy: |
Pridať tag
Žiadne tagy, Buďte prvý kto otaguje tento záznam!
|
Titul je dostupný aj v ... 

MARC
| LEADER | 00000nam a2200000 a 4500 | ||
|---|---|---|---|
| 001 | 000000960 | ||
| 005 | 20080603095530.0 | ||
| 008 | 040621s2003 xo a f f 000 0 slo d | ||
| 020 | |a 8089045537 (brož.) | ||
| 040 | |a SVKKK |b slo |c SVKKK |e AACR2 | ||
| 041 | 1 | |a slo |h eng | |
| 044 | |a xo |c SK | ||
| 072 | 7 | |a 005 |x Manažment. Riadenie |2 konspekt | |
| 080 | |a 005.95/.96 |2 2001 | ||
| 080 | |a (035) |2 2001 | ||
| 245 | 0 | 0 | |a Riadenie ľudí. |n Kniha 5, |p Pochopenie ľudí v práci / |c [hlavní autori: Chris Cornforth ... [et al.]] ; zodpovedný redaktor: Vladislav Polák ; prekladateľ: Sylvia Letková]. |
| 246 | 3 | 0 | |a Pochopenie ľudí v práci |
| 250 | |a 1. vyd. | ||
| 260 | |a Bratislava : |b Nadácia City University Bratislava, |c 2003. | ||
| 300 | |a 90 s. : |b il., tab. ; |c 30 cm. | ||
| 500 | |a Údaj o aut., red. a prekl. prevzatý z rubu tit. strany | ||
| 500 | |a Popis podľa xerokópie | ||
| 500 | |a Preklad z angl. orig. | ||
| 500 | |a Vydanie 1. rok 2001, nové vydanie s doplnkami rok 2002 | ||
| 504 | |a Bibliografia: s. 88-89 | ||
| 650 | 0 | 7 | |a personálny manažment |2 SVKKKPH |
| 655 | 7 | |a príručky |2 SVKKKPH | |
| 700 | 1 | |a Cornforth, Chris |4 aut | |
| 700 | 1 | |a Polák, Vladislav |4 red | |
| 700 | 1 | |a Letková, Sylvia |4 trl | |
| 910 | |a svkkk | ||
| 919 | |a 80-89045-53-7 | ||
| 998 | |a BK | ||
| 090 | |g SCKHL |k Sklad |a V.211077 |j 960420 |i 2720022318 |s Vyradená | ||
| 090 | |g SCKHL |k Sklad Hlavná 10 prízemie |a V.219192 |j 996128 |i 2720101380 |s Absenčne | ||